000 00408nam a2200157Ia 4500
008 240729s9999 xx 000 0 und d
022 _a2048-3694
245 0 _aFood and Energy Security
260 _aUnited Kingdom
260 _bWiley
650 _a Agriculture (General)
650 _aAgriculture
856 _uhttps://doaj.org/toc/0cd6bad19657499486eac0d59d5cb854
942 _2ddc
942 _cDOAJEJ
999 _c72526
_d72526
945 _a1
_bMadushi Gamage
_c1
_dMadushi Gamage